00926cam a22002411 4500001001300000003000400013005001700017008004100034010001700075035002000092040002300112042001200135050001600147245013200163260014600295300001900441504002700460650003700487650005800524700002500582710006000607999001700667pa 67000113 DLC20260227111857.0831231s1966 dcu i000 0 spa  apa 67000113  a(OCoLC)21648373 aDLCcCUdTxEUdDLC apremarc00aLB2325b.F304aLas facultades de educación y la renovación educativa /cJuan Carlos Agulla, Emilio Barrantes, Valnir Chagas, Raúl Osorio aWashington :bDepartamento de Asuntos Educativos, Unión Panamericana, Secretaría General, Organización de los Estados Americanos,c1966 a65 p. ;c28 cm aBibliography: p. 48-49 0aEducation, HigherzLatin America 0aEducation, HigherzLatin AmericaxAims and objectives1 aAgulla, Juan Carlos.2 aPan American Union.bDepartment of Educational Affairs. c51609d51609